000 00555nam a2200181 a 4500
001 000022117
005 20200930011605.0
008 100916s1989 ag r 000 0 spa d
020 _a9503701856
040 _aDO-SdBNP
_bspa
_cBNPHU
082 _aNNN
_bL615s, 1989
100 1 _aLerer, María Luisa
_945817
245 1 0 _aSexualidad femenina :
_bmitos, realidades y el sentido de ser mujer /
_cMaría Luisa Lerer.
250 _a13a ed.
260 _aBuenos Aires, Argentina :
_bSudamericana/Planeta,
_c1989.
300 _a230 p. ;
_c20 cm.
049 _aBNGR
999 _c21615
_d21615